Star Citizen - Planet Pictures - Statistics

General Stats
  • This quiz has been taken 11 times
  • The average score is 5 of 9
Answer Stats
Picture Answer % Correct
Crusader
89%
Pyro I
78%
ArcCorp
67%
Hurston
67%
MicroTech
67%
Pyro V
67%
Bloom
22%
Terminus
22%
Monox
11%
No matching quizzes found
Score Distribution
Percent of People with Each Score
Percentile by Number Answered
Your Score History
You have not taken this quiz